| 000 | 01014cam a2200229 4500 | ||
|---|---|---|---|
| 001 | 3042 | ||
| 005 | 20250613143408.0 | ||
| 008 | 100217r20102009nyuab b 001 0 eng | ||
| 010 | _a 2010006362 | ||
| 020 | _a978082816995 | ||
| 020 | _a978082816995 | ||
| 100 | 1 | _aSchober,Juliane. | |
| 245 | 1 | 0 | _aSacred biography in the buddhist traditions of south and southeast Asia |
| 246 | 3 | _a9 lives | |
| 260 |
_aHonolulu : _bUniversity of Huwai Press _c1888. |
||
| 300 |
_aix,232 p. : _bill., map ; _c25 cm. |
||
| 504 | _aIncludes bibliographical references (p. [263]-267) and index. | ||
| 505 | 0 | _aThe nun's tale -- The dancer of Kannur -- The daughters of Yellamma -- The singer of epics -- The red fairy -- The monk's tale -- The maker of idols -- The lady twilight -- The song of the blind minstrel. | |
| 520 | _aA study of the ways in which traditional forms of religious life in India have been transformed in the vortex of the region's rapid change. | ||
| 650 | 0 | _aReligious biography | |
| 942 |
_2ddc _cMAIN |
||
| 999 |
_c10370 _d10371 |
||